LA ORGANIZACION OBRERA EN MEXICO/

TRADUCCION DE: ORGANIZED LABOR IN MEXICO

Salvato in:
Dettagli Bibliografici
Autore principale: Clark, Marjorie Ruth (autor)
Natura: Libro
Serie:PROBLEMAS DE MEXICO
Soggetti:
Tags: Aggiungi Tag
Nessun Tag, puoi essere il primo ad aggiungerne!!

MARC

LEADER 00000nam^a2200000^a^4500
001 000224688
005 20250521000000.0
009 20260310104058.916
020 |a 968-411-011-1 
035 |a 027091 
037 |a Acervo Xavier Clavigero 
082 |a 331. 880972  |b CLA 
100 |a Clark, Marjorie Ruth  |e (autor) 
245 1 3 |a LA ORGANIZACION OBRERA EN MEXICO/  |c MARJORIE RUTH CLARK; TR. ISABEL VERICAT 
264 |a MEXICO :  |b ERA,  |c 1979 
300 |a 244p. 2ej. 
336 |a texto  |b txt  |2 rdacontenido 
337 |a sin mediación  |b n  |2 rdamedio 
338 |a volumen  |b nc  |2 rdasoporte 
440 |a PROBLEMAS DE MEXICO 
520 |a TRADUCCION DE: ORGANIZED LABOR IN MEXICO 
520 |a BIBLIOGRAFIA: (P. 233-244) 
649 |a XX 
650 |a SINDICATOS -  |x MEXICO 
650 |a TRABAJO Y TRABAJADORES -  |x MEXICO 
910 |a Fondo General 
920 |a Impresos - Libros 
930 |a Colección General 
905 |a 101 
901 |a 027091  |b IT1  |c ACC  |i 027091  |u 20250521 
901 |a 024370  |b IT1  |c ACC  |i 024370  |u 20250521 
902 |a https://opac.biblio.iteso.mx/vufind/Record/000224688